| 000 | 00673nam a22002297a 4500 | ||
|---|---|---|---|
| 942 | _cBK | ||
| 999 |
_c492 _d492 |
||
| 005 | 20250420134812.0 | ||
| 008 | 200726b ||||| |||| 00| 0 eng d | ||
| 020 | _a9788173717734 | ||
| 040 | _cKCST | ||
| 082 |
_a621 _bJa Ap |
||
| 100 |
_aJain, Sanjay D _94694 |
||
| 245 |
_aApplied physics / _cSanjay D Jain, Girish G Sahasrabudhe and Sunil M Pande. |
||
| 260 |
_aHyderabad : _bUniversities Press, _c2013. |
||
| 300 |
_aviii, 352 pages : _billu. ; _c24 cm |
||
| 650 |
_aPhysics. _93 |
||
| 650 |
_aPolarisation. _94695 |
||
| 650 |
_aQuantum theory. _9358 |
||
| 700 |
_aSahasrabudhe, Girish G _94696 |
||
| 700 |
_aPande, Sunil M _94697 |
||
| 942 | _2ddc | ||